Dokument
Zákon Národnej rady Slovenskej republiky zo 17.11.1995 o dani z pridanej hodnoty, ktorý nadobudne účinnosť 1.1.1996. Príloha zákona: Zoznam tovarov a služieb podliehajúcich sadzbe dane 6 perc.
Enregistré dans:
| Format: | Chapitre de livre |
|---|---|
| Langue: | slovaque |
| Sujets: | |
| Tags: |
Pas de tags, Soyez le premier à ajouter un tag!
|
MARC
| LEADER | 00000naa a2200000 4500 | ||
|---|---|---|---|
| 001 | r018911 | ||
| 005 | 20221213095652.5 | ||
| 041 | 0 | |a slo | |
| 044 | |a SK | ||
| 245 | 1 | 0 | |a Dokument |
| 520 | |a Zákon Národnej rady Slovenskej republiky zo 17.11.1995 o dani z pridanej hodnoty, ktorý nadobudne účinnosť 1.1.1996. Príloha zákona: Zoznam tovarov a služieb podliehajúcich sadzbe dane 6 perc. | ||
| 610 | 2 | 0 | |a zákony |
| 610 | 2 | 0 | |a Slovensko |
| 610 | 2 | 0 | |a 1995 |
| 610 | 2 | 0 | |a dane z hodnoty pridanej |
| 610 | 2 | 0 | |a sadzby daňové |